| 000 | 00517cam a2200217 4500 | ||
|---|---|---|---|
| 001 | B2783 | ||
| 008 | 090401t1990 xxu||||| |||| 00| 0 eng d | ||
| 035 | _a(Sirsi) u52143 | ||
| 041 | _aeng | ||
| 050 | _a333.335 | ||
| 110 | _aWilliam H. Brown | ||
| 245 | _aAgriculture 1990 | ||
| 260 |
_aSleaford,Lincs _bWilliam H. Brown _c1990 |
||
| 300 | _a16p. : ill. ; 21x30cm. | ||
| 350 | _a25 | ||
| 650 | _aESTATE MANAGEMENT | ||
| 650 | _aFARM LAND | ||
| 650 | _aPROPERTY MARKET | ||
| 942 | _n0 | ||
| 948 | _c04/03/1997 | ||
| 999 |
_c92995 _d92995 |
||